Les Pokémon de la 8ème génération - Galar - Statistiques

Statistiques générales
  • Ce quiz a été pris 50 fois
  • Le résultat moyen est 62 sur 96
Statistiques - réponses
Pokémon % Correct
814 Lapyro
95%
811 Badabouin
90%
812 Gorythmic
90%
816 Larméléon
90%
810 Ouistempo
90%
815 Pyrobut
90%
813 Flambino
86%
818 Lézargus
86%
821 Minisange
86%
888 Zacian
86%
889 Zamazenta
86%
826 Astronelle
81%
823 Corvaillus
81%
885 Fantyrm
81%
887 Lanssorien
81%
832 Moumouflon
81%
831 Moumouton
81%
822 Bleuseille
76%
825 Coléodôme
76%
886 Dispareptil
76%
833 Khélocrok
76%
824 Larvadar
76%
828 Roublenard
76%
834 Torgamord
76%
817 Arrozard
71%
856 Bibichut
71%
896 Blizzeval
71%
837 Charbi
71%
884 Duralugon
71%
890 Éthernatos
71%
881 Galvagla
71%
827 Goupilou
71%
882 Hydragon
71%
862 Ixon
71%
839 Monthracite
71%
819 Rongourmand
71%
820 Rongrigou
71%
892 Shifours
71%
858 Sorcilence
71%
897 Spectreval
71%
898 Sylveroy
71%
867 Tutétékri
71%
838 Wagomine
71%
891 Wushours
71%
857 Chapotus
67%
880 Galvagon
67%
883 Hydragla
67%
866 M. Glaquette
67%
835 Voltoutou
67%
861 Angoliath
62%
863 Berserkatt
62%
860 Fourbelin
62%
836 Fulgudog
62%
859 Grimalin
62%
900 Hachécateur
62%
841 Pomdrapi
62%
894 Regieleki
62%
901 Ursaking
62%
893 Zarude
62%
905 Amovénus
57%
899 Cerbyllin
57%
872 Frissonille
57%
902 Paragruel
57%
895 Regidrago
57%
849 Salarsen
57%
829 Tournicoton
57%
848 Toxizap
57%
830 Blancoton
52%
878 Charibari
52%
864 Corayôme
52%
874 Dolman
52%
842 Dratatin
52%
850 Grillepattes
52%
870 Hexadron
52%
853 Krakos
52%
879 Pachyradjah
52%
851 Scolocendre
52%
840 Verpom
52%
875 Bekaglaçon
48%
873 Beldeneige
48%
844 Dunaconda
48%
903 Farfurex
48%
877 Morpeko
48%
852 Poulpaf
48%
854 Théffroi
48%
871 Wattapik
48%
869 Charmilly
43%
868 Crèmy
43%
843 Dunaja
43%
846 Embrochet
43%
847 Hastacuda
43%
865 Palarticho
43%
855 Polthégeist
43%
876 Wimessir
38%
845 Nigosier
29%
904 Qwilpik
29%
Aucun quiz correspondant
Distribution des résultats
% des personnes avec chaque résultat
Percentile par nombre de réponses
Votre historique - résultats
Vous n’avez pas pris ce quiz